[Event "Vilafranca del Penedes op 13th"]
[Site "Vilafranca del Penedes"]
[Date "2019.04.05"]
[Round "2"]
[White "Lopez Artigas, Sergio"]
[Black "Plasencia Martinez, Victor"]
[Result "0-1"]
[WhiteElo "1917"]
[BlackElo "2177"]
[PlyCount "138"]
[EventDate "2019.03.29"]
[EventType "swiss"]
[EventRounds "9"]
[EventCountry "ESP"]
[SourceTitle "CBM 190 Extra"]
[Source "ChessBase"]
[SourceDate "2019.07.15"]
[SourceVersion "1"]
[SourceVersionDate "2019.07.15"]
[SourceQuality "1"]

1. d4 Nf6 2. Bf4 g6 3. e3 Bg7 4. Nd2 0-0 5. Ngf3 d6 6. Be2 c5 7. c3 Nc6 8. dxc5 dxc5 9. Nc4 Nh5 10. Qxd8 Rxd8 11. Nfe5 Nxf4 12. exf4 Nxe5 13. Nxe5 Be6 14. 0-0 Rd2 15. Bf3 f6 16. Bxb7 Rb8 17. Nf3 Rxb2 18. Rfe1 Bc4 19. Bc6 Kf8 20. a4 R8b6 21. Bb5 Bb3 22. c4 a6 23. a5 Rd6 24. Rab1 Rxb1 25. Rxb1 Bc2 26. Ra1 axb5 27. cxb5 Be4 28. a6 Rb6 29. Ra5 f5 30. Nd2 Rd6 31. Ra2 Bc3 32. f3 Bd5 33. a7 Ba8 34. Nc4 Rd1+ 35. Kf2 Rb1 36. Nb6 Bb7 37. a8Q+ Bxa8 38. Rxa8+ Kf7 39. Nd5 Bd4+ 40. Kg3 Rxb5 41. Ra7 c4 42. Rxe7+ Kf8 43. Rd7 Ra5 44. Nc7 Bc3 45. Ne6+ Ke8 46. Rc7 Ra6 47. Rxc4 Be1+ 48. Kh3 Rxe6 49. g4 Kf7 50. Rc7+ Re7 51. Rc5 Kf6 52. Rc6+ Kg7 53. Rc5 Rf7 54. Rc4 Ba5 55. Kg3 Bc7 56. h4 h6 57. Kh3 Bd6 58. h5 g5 59. fxg5 hxg5 60. Rc6 Bf4 61. Rg6+ Kh7 62. gxf5 Rxf5 63. Kg4 Rd5 64. Ra6 Be3 65. Re6 Rd4+ 66. Re4 Rxe4+ 67. fxe4 Kh6 68. e5 Bc5 69. e6 Be7 0-1

[Event "Vilafranca del Penedes op 12th"]
[Site "Vilafranca del Penedes"]
[Date "2018.05.25"]
[Round "8"]
[White "Lopez Artigas, Sergio"]
[Black "Vilella Bertran, Joan"]
[Result "0-1"]
[WhiteElo "1955"]
[BlackElo "1993"]
[PlyCount "62"]
[EventDate "2018.04.06"]
[EventType "swiss"]
[EventRounds "8"]
[EventCountry "ESP"]
[SourceTitle "CBM 184 Extra"]
[Source "ChessBase"]
[SourceDate "2018.06.28"]
[SourceVersion "1"]
[SourceVersionDate "2018.06.28"]
[SourceQuality "1"]

1. e4 e6 2. d4 d5 3. e5 c5 4. c3 Nc6 5. Nf3 Bd7 6. a3 Qb6 7. b4 cxb4 8. cxb4 Rc8 9. Bb2 Nh6 10. Nc3 Nf5 11. Na4 Qd8 12. Rc1 Be7 13. Bd3 0-0 14. g4 Nh4 15. Nxh4 Bxh4 16. Nc5 Rc7 17. Nxd7 Qxd7 18. Qc2 Rfc8 19. Bxh7+ Kh8 20. Qd3 Nxb4 21. Qh3 Rxc1+ 22. Bxc1 Kxh7 23. 0-0 Nc2 24. Qxh4+ Kg8 25. g5 Qa4 26. g6 fxg6 27. Be3 Qe8 28. Kh1 Qf7 29. Qg3 Qf5 30. Qg2 Rc3 31. Rc1 Nxe3 0-1

[Event "Vilafranca del Penedes op 8th"]
[Site "Vilafranca del Penedes"]
[Date "2014.05.09"]
[Round "6"]
[White "Lopez Artigas, Sergio"]
[Black "Roca Calaf, Jordi"]
[Result "0-1"]
[WhiteElo "2073"]
[BlackElo "2226"]
[PlyCount "126"]
[EventDate "2014.03.28"]
[EventType "swiss"]
[EventRounds "8"]
[EventCountry "ESP"]
[SourceTitle "EXT 2015"]
[Source "ChessBase"]
[SourceDate "2014.11.20"]
[SourceVersion "1"]
[SourceVersionDate "2014.11.20"]
[SourceQuality "1"]

1. e4 e5 2. Nf3 Nc6 3. Nc3 g6 4. Bc4 Bg7 5. a3 Nf6 6. d3 d6 7. Bg5 h6 8. Be3 Ng4 9. Bd2 Nd4 10. h3 Nf6 11. Nd5 c6 12. Nxf6+ Qxf6 13. Nxd4 exd4 14. 0-0 0-0 15. f4 b5 16. Bb3 Be6 17. Bxe6 fxe6 18. Qg4 Kh7 19. Rf2 Rf7 20. Raf1 Raf8 21. Qe2 Qe7 22. Rf3 c5 23. R1f2 Kg8 24. Qf1 g5 25. fxg5 Rxf3 26. Rxf3 Rxf3 27. Qxf3 hxg5 28. Qg4 d5 29. Bxg5 Qd7 30. Bh6 dxe4 31. dxe4 c4 32. Bxg7 Qxg7 33. Qxe6+ Kh7 34. Qf5+ Qg6 35. g4 a5 36. Kf2 Qxf5+ 37. gxf5 b4 38. axb4 a4 39. Ke2 c3 40. bxc3 a3 41. cxd4 a2 42. Kd3 a1Q 43. e5 Qf1+ 44. Ke4 Qg2+ 45. Kd3 Qxh3+ 46. Kc4 Qxf5 47. c3 Qc8+ 48. Kd5 Qxc3 49. b5 Qb3+ 50. Kc6 Qc4+ 51. Kb6 Qxd4+ 52. Kb7 Qxe5 53. b6 Kg6 54. Ka8 Qa5+ 55. Kb7 Kf7 56. Kc6 Qc3+ 57. Kd6 Qd4+ 58. Kc6 Qc4+ 59. Kd7 Qb5+ 60. Kc7 Qc5+ 61. Kb7 Ke6 62. Ka8 Qa5+ 63. Kb7 Kd7 0-1

[Event "Fincas Mediterranea 2nd"]
[Site "Castelldefels"]
[Date "2005.08.24"]
[Round "8"]
[White "Navarro Perez, Manuel"]
[Black "Lopez Artigas, Sergio"]
[Result "1-0"]
[WhiteElo "2075"]
[BlackElo "1993"]
[PlyCount "53"]
[EventDate "2005.08.17"]
[EventType "swiss"]
[EventRounds "9"]
[EventCountry "ESP"]
[SourceTitle "CBM 107 Extra"]
[Source "ChessBase"]
[SourceDate "2005.09.01"]
[SourceVersion "1"]
[SourceVersionDate "2005.09.01"]
[SourceQuality "1"]

1. e4 e6 2. d4 d5 3. exd5 exd5 4. Bd3 Bd6 5. Nc3 c6 6. Nge2 Nf6 7. Bg5 0-0 8. Qd2 Be6 9. f3 Nbd7 10. g4 Qc7 11. 0-0-0 b5 12. h4 a5 13. h5 a4 14. Bf4 Nb6 15. g5 Nfd7 16. Bxd6 Qxd6 17. g6 fxg6 18. hxg6 hxg6 19. Bxg6 Nc4 20. Qg5 Rf6 21. Rdg1 Qb4 22. Nd1 Qa5 23. Bh5 g6 24. Bxg6 Kf8 25. Rh7 Bf7 26. Bxf7 Rxf7 27. Qg8+ 1-0